Backsliding : understanding weakness of will /

Bibliographic Details
Main Author: Mele, Alfred R., 1951-
Format: Book
Language:English
Published: New York : Oxford University Press, [2012]
Subjects:

MARC

Tag First Indicator Second Indicator Subfields
LEADER 00000cam a2200000 a 4500
001 in00002781248
005 20151202171320.0
008 110721s2012 nyu b 001 0 eng
010 |a  2011030339 
020 |a 9780199896134 (hbk. : alk. paper) 
020 |a 0199896135 (hbk. : alk. paper) 
035 |a (OCoLC)ocn753630620 
040 |a DLC  |c DLC  |d UtOrBLW 
049 |a TXAM 
050 0 0 |a BJ1468.5  |b .M45 2012 
082 0 0 |a 128/.3  |2 23 
100 1 |a Mele, Alfred R.,  |d 1951- 
245 1 0 |a Backsliding :  |b understanding weakness of will /  |c Alfred R. Mele. 
264 1 |a New York :  |b Oxford University Press,  |c [2012] 
264 4 |c ©2012 
300 |a x, 145 pages ;  |c 22 cm. 
336 |a text  |b txt  |2 rdacontent 
337 |a unmediated  |b n  |2 rdamedia 
338 |a volume  |b nc  |2 rdacarrier 
504 |a Includes bibliographical references (pages 133-140) and index. 
505 0 |a Introduction -- Weakness of will and akrasia -- Weakness and compulsion -- Accounting for backsliding: background and more -- Self-control -- Conclusion. 
650 0 |a Akrasia. 
945 |a PromptCat  |b 916775 
946 |a stk 
947 |a A14835904901 
948 |a cataloged  |b h  |c 2012/6/15  |d c  |e dmitchel  |f 10:30:20 am 
994 |a 92  |b TXA 
999 |a MARS 
999 f f |s fb6df073-25b8-3126-8d84-07345a628aca  |i 7641f54c-b70c-3398-8ce5-8484344af14d  |t 0 
952 f f |p normal  |a Texas A&M University  |b College Station  |c Sterling C. Evans Library  |d Evans: Library Stacks  |t 0  |e BJ1468.5 .M45 2012  |h Library of Congress classification  |i unmediated -- volume  |m A14835904901 
998 f f |a BJ1468.5 .M45 2012  |t 0  |l Evans: Library Stacks